[Event "Latvian Teams Chess Championship Higher League 2019"]
[Site "Riga Chess School, 10 Pernavas Street, Riga, Latvia"]
[Date "2019.06.09"]
[Round "6.1"]
[White "Meshkovs, Nikita"]
[Black "Batashevs, Arsens"]
[Result "1-0"]
[TimeControl "Standard: 90 minutes with 30 second increment from move 1"]
[WhiteTitle "GM"]
[WhiteFideId "11602740"]
[BlackFideId "11603593"]
[WhiteElo "2550"]
[BlackElo "2000"]

1. Nf3 {[%clk 01:30:29]} {[%emt 00:01:38]} g6 {[%clk 01:30:45]} {[%emt
00:00:06]} 2. d4 {[%clk 01:29:26]} {[%emt 00:01:33]} Bg7 {[%clk 01:31:10]}
{[%emt 00:00:05]} 3. e4 {[%clk 01:28:22]} {[%emt 00:01:34]} d6 {[%clk
01:31:29]} {[%emt 00:00:11]} 4. c3 {[%clk 01:23:20]} {[%emt 00:05:32]} Bg4
{[%clk 01:31:15]} {[%emt 00:00:44]} 5. Qb3 {[%clk 01:23:00]} {[%emt 00:00:49]}
Bxf3 {[%clk 01:31:31]} {[%emt 00:00:16]} 6. gxf3 {[%clk 01:21:33]} {[%emt
00:01:56]} Qc8 {[%clk 01:18:29]} {[%emt 00:13:32]} 7. h4 {[%clk 01:19:37]}
{[%emt 00:02:26]} Nd7 {[%clk 01:17:42]} {[%emt 00:01:18]} 8. h5 {[%clk
01:19:11]} {[%emt 00:00:55]} gxh5 {[%clk 01:17:58]} {[%emt 00:00:14]} 9. Rg1
{[%clk 01:15:12]} {[%emt 00:04:29]} Bh6 {[%clk 01:08:38]} {[%emt 00:09:51]} 10.
Bxh6 {[%clk 00:57:41]} {[%emt 00:18:00]} Nxh6 {[%clk 01:08:56]} {[%emt
00:00:11]} 11. Bh3 {[%clk 00:58:07]} {[%emt 00:00:05]} c6 {[%clk 01:06:46]}
{[%emt 00:02:40]} 12. Rg5 {[%clk 00:55:26]} {[%emt 00:03:10]} Qc7 {[%clk
00:48:50]} {[%emt 00:18:27]} 13. Rxh5 {[%clk 00:54:54]} {[%emt 00:01:02]} Ng8
{[%clk 00:49:14]} {[%emt 00:00:06]} 14. Nd2 {[%clk 00:54:48]} {[%emt 00:00:36]}
Ngf6 {[%clk 00:48:26]} {[%emt 00:01:18]} 15. Rg5 {[%clk 00:54:08]} {[%emt
00:01:10]} Rg8 {[%clk 00:20:05]} {[%emt 00:28:52]} 16. Rxg8+ {[%clk 00:53:11]}
{[%emt 00:01:26]} Nxg8 {[%clk 00:20:18]} {[%emt 00:00:18]} 17. O-O-O {[%clk
00:53:34]} {[%emt 00:00:05]} Kf8 {[%clk 00:20:14]} {[%emt 00:00:35]} 18. f4
{[%clk 00:50:33]} {[%emt 00:03:31]} Ngf6 {[%clk 00:18:46]} {[%emt 00:01:58]} 19.
e5 {[%clk 00:50:18]} {[%emt 00:00:44]} Nh5 {[%clk 00:19:10]} {[%emt 00:00:06]}
20. Qc2 {[%clk 00:50:36]} {[%emt 00:00:12]} Nxf4 {[%clk 00:18:58]} {[%emt
00:00:43]} 21. Qxh7 {[%clk 00:50:58]} {[%emt 00:00:08]} Ke8 {[%clk 00:19:19]}
{[%emt 00:00:10]} 22. Bxd7+ {[%clk 00:48:58]} {[%emt 00:02:28]} Kxd7 {[%clk
00:19:43]} {[%emt 00:00:07]} 23. Qxf7 {[%clk 00:49:10]} {[%emt 00:00:18]} Ne6
{[%clk 00:19:12]} {[%emt 00:01:00]} 24. Ne4 {[%clk 00:49:33]} {[%emt 00:00:08]}
Rf8 {[%clk 00:19:27]} {[%emt 00:00:15]} 25. Nc5+ {[%clk 00:48:37]} {[%emt
00:01:27]} dxc5 {[%clk 00:19:15]} {[%emt 00:00:42]} 26. dxc5+ {[%clk 00:49:02]}
{[%emt 00:00:05]} Kc8 {[%clk 00:19:41]} {[%emt 00:00:03]} 27. Qxe6+ {[%clk
00:49:26]} {[%emt 00:00:06]} Kb8 {[%clk 00:20:08]} {[%emt 00:00:03]} 28. Rd7
{[%clk 00:49:48]} {[%emt 00:00:07]} Qa5 {[%clk 00:19:29]} {[%emt 00:01:09]} 29.
Qxe7 {[%clk 00:49:54]} {[%emt 00:00:24]} Rc8 {[%clk 00:19:52]} {[%emt
00:00:07]} 30. Rxb7+ {[%clk 00:50:18]} {[%emt 00:00:06]} Ka8 {[%clk 00:20:20]}
{[%emt 00:00:03]} 31. Rb4 {[%clk 00:50:40]} {[%emt 00:00:08]} Qa6 {[%clk
00:20:42]} {[%emt 00:00:08]} 32. a4 {[%clk 00:47:46]} {[%emt 00:03:24]} Qf1+
{[%clk 00:20:32]} {[%emt 00:00:39]} 33. Kc2 {[%clk 00:48:14]} {[%emt 00:00:03]}
Qe2+ {[%clk 00:20:56]} {[%emt 00:00:06]} 34. Kb3 {[%clk 00:48:37]} {[%emt
00:00:07]} Qd1+ {[%clk 00:21:01]} {[%emt 00:00:25]} 35. Ka2 {[%clk 00:48:57]}
{[%emt 00:00:09]} Rb8 {[%clk 00:21:04]} {[%emt 00:00:29]} 36. Rxb8+ {[%clk
00:49:21]} {[%emt 00:00:06]} Kxb8 {[%clk 00:21:32]} {[%emt 00:00:01]} 37. Qd6+
{[%clk 00:49:41]} {[%emt 00:00:10]} 1-0

[Event "Latvian Teams Chess Championship Higher League 2019"]
[Site "Riga Chess School, 10 Pernavas Street, Riga, Latvia"]
[Date "2019.06.09"]
[Round "6.2"]
[White "Bekasovs, Rihards"]
[Black "Berzinsh, Roland"]
[Result "1-0"]
[TimeControl "Standard: 90 minutes with 30 second increment from move 1"]
[BlackTitle "IM"]
[WhiteFideId "11606029"]
[BlackFideId "11600357"]
[WhiteElo "2166"]
[BlackElo "2390"]

1. Nf3 {[%clk 01:30:23]} {[%emt 00:01:10]} d5 {[%clk 01:30:44]} {[%emt
00:00:38]} 2. d4 {[%clk 01:30:17]} {[%emt 00:00:37]} c5 {[%clk 01:29:51]}
{[%emt 00:01:23]} 3. e3 {[%clk 01:24:23]} {[%emt 00:06:23]} Nf6 {[%clk
01:27:16]} {[%emt 00:03:05]} 4. dxc5 {[%clk 01:22:35]} {[%emt 00:02:19]} e6
{[%clk 01:21:30]} {[%emt 00:06:16]} 5. c4 {[%clk 01:21:02]} {[%emt 00:02:03]}
Bxc5 {[%clk 01:21:37]} {[%emt 00:00:22]} 6. Nc3 {[%clk 01:20:11]} {[%emt
00:01:21]} O-O {[%clk 01:21:55]} {[%emt 00:00:13]} 7. cxd5 {[%clk 01:19:58]}
{[%emt 00:00:42]} exd5 {[%clk 01:22:17]} {[%emt 00:00:08]} 8. Be2 {[%clk
01:20:17]} {[%emt 00:00:12]} Nc6 {[%clk 01:20:59]} {[%emt 00:01:47]} 9. O-O
{[%clk 01:20:35]} {[%emt 00:00:12]} a6 {[%clk 01:10:14]} {[%emt 00:11:15]} 10.
b3 {[%clk 01:17:42]} {[%emt 00:03:24]} Bg4 {[%clk 01:01:24]} {[%emt 00:09:19]}
11. Bb2 {[%clk 01:15:52]} {[%emt 00:02:20]} Ba7 {[%clk 01:01:44]} {[%emt
00:00:10]} 12. Rc1 {[%clk 01:07:07]} {[%emt 00:09:15]} Qd6 {[%clk 00:57:53]}
{[%emt 00:04:22]} 13. Nd4 {[%clk 00:38:20]} {[%emt 00:29:17]} Ne5 {[%clk
00:53:04]} {[%emt 00:05:17]} 14. Bxg4 {[%clk 00:33:26]} {[%emt 00:05:26]} Nexg4
{[%clk 00:45:33]} {[%emt 00:08:00]} 15. g3 {[%clk 00:31:41]} {[%emt 00:02:17]}
Qe5 {[%clk 00:40:03]} {[%emt 00:05:59]} 16. Kg2 {[%clk 00:25:47]} {[%emt
00:06:24]} Qe7 {[%clk 00:32:15]} {[%emt 00:08:15]} 17. h3 {[%clk 00:24:59]}
{[%emt 00:01:20]} Ne5 {[%clk 00:32:39]} {[%emt 00:00:06]} 18. Nf3 {[%clk
00:22:03]} {[%emt 00:03:28]} Rad8 {[%clk 00:31:07]} {[%emt 00:02:00]} 19. Nxe5
{[%clk 00:21:40]} {[%emt 00:00:54]} Qxe5 {[%clk 00:31:30]} {[%emt 00:00:06]} 20.
Qf3 {[%clk 00:21:59]} {[%emt 00:00:12]} Qe6 {[%clk 00:27:36]} {[%emt 00:04:24]}
21. Ne2 {[%clk 00:21:27]} {[%emt 00:01:02]} Ne4 {[%clk 00:28:00]} {[%emt
00:00:05]} 22. Qg4 {[%clk 00:18:39]} {[%emt 00:03:18]} g6 {[%clk 00:19:52]}
{[%emt 00:08:38]} 23. Qxe6 {[%clk 00:13:24]} {[%emt 00:05:46]} fxe6 {[%clk
00:20:17]} {[%emt 00:00:04]} 24. Nf4 {[%clk 00:13:38]} {[%emt 00:00:16]} Rde8
{[%clk 00:20:30]} {[%emt 00:00:16]} 25. Rc7 {[%clk 00:13:07]} {[%emt 00:01:01]}
Rf7 {[%clk 00:20:44]} {[%emt 00:00:17]} 26. Rfc1 {[%clk 00:12:25]} {[%emt
00:01:13]} Bb8 {[%clk 00:19:16]} {[%emt 00:01:58]} 27. Rc8 {[%clk 00:12:14]}
{[%emt 00:00:41]} Rff8 {[%clk 00:19:41]} {[%emt 00:00:06]} 28. Rxe8 {[%clk
00:11:12]} {[%emt 00:01:31]} Rxe8 {[%clk 00:20:01]} {[%emt 00:00:10]} 29. Nxe6
{[%clk 00:08:07]} {[%emt 00:03:35]} Bxg3 {[%clk 00:20:19]} {[%emt 00:00:11]} 30.
Nc7 {[%clk 00:08:17]} {[%emt 00:00:21]} Rf8 {[%clk 00:13:50]} {[%emt 00:06:59]}
31. f3 {[%clk 00:08:10]} {[%emt 00:00:37]} Bh4 {[%clk 00:13:32]} {[%emt
00:00:48]} 32. Nxd5 {[%clk 00:06:22]} {[%emt 00:02:18]} Nd2 {[%clk 00:11:32]}
{[%emt 00:02:30]} 33. f4 {[%clk 00:05:04]} {[%emt 00:01:47]} Rd8 {[%clk
00:05:14]} {[%emt 00:06:47]} 34. Nf6+ {[%clk 00:04:57]} {[%emt 00:00:39]} Kf7
{[%clk 00:05:16]} {[%emt 00:00:28]} 35. Rc7+ {[%clk 00:04:20]} {[%emt
00:01:06]} Ke6 {[%clk 00:05:39]} {[%emt 00:00:07]} 36. Nxh7 {[%clk 00:04:00]}
{[%emt 00:00:51]} Nxb3 {[%clk 00:05:43]} {[%emt 00:00:26]} 37. axb3 {[%clk
00:03:16]} {[%emt 00:01:14]} Rd2+ {[%clk 00:06:07]} {[%emt 00:00:05]} 38. Kf3
{[%clk 00:03:41]} {[%emt 00:00:05]} Rxb2 {[%clk 00:06:30]} {[%emt 00:00:07]} 39.
Rxb7 {[%clk 00:02:18]} {[%emt 00:01:54]} Be7 {[%clk 00:02:50]} {[%emt
00:04:09]} 40. Rb6+ {[%clk 00:01:25]} {[%emt 00:01:23]} Kf7 {[%clk 00:03:12]}
{[%emt 00:00:08]} 41. Rb7 {[%clk 00:00:49]} {[%emt 00:01:06]} Ke6 {[%clk
00:03:25]} {[%emt 00:00:18]} 42. Rb6+ {[%clk 00:00:45]} {[%emt 00:00:33]} Kf7
{[%clk 00:03:47]} {[%emt 00:00:08]} 43. Ng5+ {[%clk 00:01:06]} {[%emt
00:00:09]} Bxg5 {[%clk 00:03:51]} {[%emt 00:00:26]} 44. fxg5 {[%clk 00:01:36]}
{[%emt 00:00:01]} a5 {[%clk 00:04:03]} {[%emt 00:00:17]} 45. Rb5 {[%clk
00:01:44]} {[%emt 00:00:22]} Ra2 {[%clk 00:01:18]} {[%emt 00:03:16]} 46. Kf4
{[%clk 00:01:17]} {[%emt 00:00:57]} a4 {[%clk 00:01:39]} {[%emt 00:00:09]} 47.
bxa4 {[%clk 00:01:15]} {[%emt 00:00:32]} Rxa4+ {[%clk 00:02:07]} {[%emt
00:00:02]} 48. Ke5 {[%clk 00:01:16]} {[%emt 00:00:29]} Ra7 {[%clk 00:02:28]}
{[%emt 00:00:09]} 49. e4 {[%clk 00:00:51]} {[%emt 00:00:55]} Re7+ {[%clk
00:02:47]} {[%emt 00:00:11]} 50. Kf4 {[%clk 00:01:02]} {[%emt 00:00:19]} Ra7
{[%clk 00:02:41]} {[%emt 00:00:36]} 51. Rb6 {[%clk 00:01:16]} {[%emt 00:00:16]}
Re7 {[%clk 00:02:08]} {[%emt 00:01:02]} 52. Rd6 {[%clk 00:00:58]} {[%emt
00:00:48]} Ra7 {[%clk 00:01:42]} {[%emt 00:00:56]} 53. Ke5 {[%clk 00:00:39]}
{[%emt 00:00:49]} Ra5+ {[%clk 00:02:05]} {[%emt 00:00:07]} 54. Kf4 {[%clk
00:00:40]} {[%emt 00:00:29]} Ra7 {[%clk 00:02:30]} {[%emt 00:00:05]} 55. Rf6+
{[%clk 00:00:52]} {[%emt 00:00:19]} Kg7 {[%clk 00:02:59]} {[%emt 00:00:01]} 56.
Re6 {[%clk 00:00:41]} {[%emt 00:00:41]} Kf7 {[%clk 00:03:28]} {[%emt 00:00:01]}
57. Rd6 {[%clk 00:01:05]} {[%emt 00:00:05]} Rb7 {[%clk 00:03:49]} {[%emt
00:00:09]} 58. Rf6+ {[%clk 00:00:36]} {[%emt 00:00:59]} Kg7 {[%clk 00:04:14]}
{[%emt 00:00:05]} 59. e5 {[%clk 00:00:36]} {[%emt 00:00:31]} Rb4+ {[%clk
00:03:45]} {[%emt 00:00:58]} 60. Kg3 {[%clk 00:00:39]} {[%emt 00:00:28]} Rb5
{[%clk 00:02:42]} {[%emt 00:01:33]} 61. Kf4 {[%clk 00:00:48]} {[%emt 00:00:21]}
Rb4+ {[%clk 00:03:11]} 62. Ke3 {[%clk 00:01:05]} {[%emt 00:00:13]} Rb3+ {[%clk
00:01:34]} {[%emt 00:02:08]} 63. Kd4 {[%clk 00:01:09]} {[%emt 00:00:26]} Rxh3
{[%clk 00:02:02]} {[%emt 00:00:02]} 64. e6 {[%clk 00:01:25]} {[%emt 00:00:13]}
Rh1 {[%clk 00:01:48]} {[%emt 00:00:45]} 65. Ke5 {[%clk 00:01:25]} {[%emt
00:00:29]} Re1+ {[%clk 00:00:35]} {[%emt 00:01:44]} 66. Kd6 {[%clk 00:01:48]}
{[%emt 00:00:06]} Rd1+ {[%clk 00:00:32]} {[%emt 00:00:34]} 67. Ke7 {[%clk
00:02:10]} {[%emt 00:00:07]} Ra1 {[%clk 00:00:32]} {[%emt 00:00:30]} 68. Rf7
{[%emt 00:00:06]} Kg8 69. Kf6 {[%clk 00:02:46]} {[%emt 00:00:18]} Rf1+ {[%clk
00:00:43]} {[%emt 00:00:50]} 70. Kxg6 {[%clk 00:03:01]} {[%emt 00:00:15]} Re1
{[%clk 00:00:59]} {[%emt 00:00:14]} 71. Kf6 {[%clk 00:01:55]} {[%emt 00:01:36]}
Rf1+ {[%clk 00:00:50]} {[%emt 00:00:38]} 72. Ke7 {[%clk 00:01:38]} {[%emt
00:00:47]} Ra1 {[%clk 00:00:43]} {[%emt 00:00:38]} 73. Rf5 {[%clk 00:01:22]}
{[%emt 00:00:46]} Kg7 {[%clk 00:01:02]} {[%emt 00:00:10]} 74. Rd5 {[%clk
00:01:41]} {[%emt 00:00:11]} 1-0

[Event "Latvian Teams Chess Championship Higher League 2019"]
[Site "Riga Chess School, 10 Pernavas Street, Riga, Latvia"]
[Date "2019.06.09"]
[Round "6.3"]
[White "Laurusas, Tomas"]
[Black "Brikers, Aleksandrs"]
[Result "1-0"]
[TimeControl "Standard: 90 minutes with 30 second increment from move 1"]
[WhiteTitle "IM"]
[WhiteFideId "12803731"]
[BlackFideId "11604646"]
[WhiteElo "2507"]
[BlackElo "2011"]

1. c4 {[%clk 01:30:55]} {[%emt 00:00:09]} e6 {[%clk 01:31:11]} {[%emt
00:00:16]} 2. Nf3 {[%clk 01:30:09]} {[%emt 00:01:15]} Nf6 {[%clk 01:31:04]}
{[%emt 00:00:38]} 3. b3 {[%clk 01:30:07]} {[%emt 00:00:32]} d5 {[%clk
01:30:49]} {[%emt 00:00:45]} 4. Bb2 {[%clk 01:30:17]} {[%emt 00:00:19]} Be7
{[%clk 01:30:21]} {[%emt 00:00:59]} 5. cxd5 {[%clk 01:28:10]} {[%emt 00:02:37]}
exd5 {[%clk 01:30:30]} {[%emt 00:00:21]} 6. g3 {[%clk 01:28:34]} {[%emt
00:00:06]} O-O {[%clk 01:28:21]} {[%emt 00:02:39]} 7. Bg2 {[%clk 01:28:54]}
{[%emt 00:00:09]} c6 {[%clk 01:26:23]} {[%emt 00:02:29]} 8. O-O {[%clk
01:29:13]} {[%emt 00:00:09]} h6 {[%clk 01:23:24]} {[%emt 00:03:31]} 9. Qc2
{[%clk 01:26:57]} {[%emt 00:02:45]} Nbd7 {[%clk 01:17:50]} {[%emt 00:06:04]} 10.
d3 {[%clk 01:22:58]} {[%emt 00:04:29]} Re8 {[%clk 01:16:06]} {[%emt 00:02:15]}
11. Nbd2 {[%clk 01:21:44]} {[%emt 00:01:42]} a5 {[%clk 01:06:10]} {[%emt
00:10:27]} 12. e4 {[%clk 01:20:14]} {[%emt 00:02:00]} dxe4 {[%clk 01:04:09]}
{[%emt 00:02:32]} 13. dxe4 {[%clk 01:20:31]} {[%emt 00:00:12]} a4 {[%clk
01:00:03]} {[%emt 00:04:36]} 14. Rad1 {[%clk 01:20:38]} {[%emt 00:00:22]} axb3
{[%clk 00:57:26]} {[%emt 00:03:09]} 15. axb3 {[%clk 01:21:30]} {[%emt
00:00:07]} Qb6 {[%clk 00:50:13]} {[%emt 00:08:15]} 16. Nc4 {[%clk 01:20:04]}
{[%emt 00:01:55]} Qc5 {[%clk 00:50:20]} {[%emt 00:00:23]} 17. e5 {[%clk
01:03:25]} {[%emt 00:17:09]} Nd5 {[%clk 00:48:16]} {[%emt 00:02:34]} 18. e6
{[%clk 01:03:48]} {[%emt 00:00:06]} fxe6 {[%clk 00:33:19]} {[%emt 00:15:28]} 19.
Qg6 {[%clk 01:04:05]} {[%emt 00:00:12]} N5f6 {[%clk 00:33:34]} {[%emt
00:00:15]} 20. Rxd7 {[%clk 01:04:31]} {[%emt 00:00:06]} Bxd7 {[%clk 00:33:33]}
{[%emt 00:00:30]} 21. Nfe5 {[%clk 01:04:57]} {[%emt 00:00:04]} Bf8 {[%clk
00:15:10]} {[%emt 00:18:52]} 22. Qf7+ {[%clk 01:02:48]} {[%emt 00:02:39]} Kh7
{[%clk 00:13:39]} {[%emt 00:02:01]} 23. Nxd7 {[%clk 01:02:55]} {[%emt
00:00:23]} Nxd7 {[%clk 00:13:52]} {[%emt 00:00:17]} 24. Be4+ {[%clk 01:00:57]}
{[%emt 00:02:28]} Kh8 {[%clk 00:14:15]} {[%emt 00:00:07]} 25. Qg6 {[%clk
01:00:45]} {[%emt 00:00:42]} Kg8 {[%clk 00:14:07]} {[%emt 00:00:38]} 26. Rd1
{[%clk 01:00:15]} {[%emt 00:01:00]} Qg5 {[%clk 00:03:41]} {[%emt 00:10:56]} 27.
Qh7+ {[%clk 01:00:31]} {[%emt 00:00:13]} Kf7 {[%clk 00:04:09]} {[%emt
00:00:02]} 28. Rxd7+ {[%clk 01:00:54]} {[%emt 00:00:08]} Be7 {[%clk 00:03:37]}
{[%emt 00:01:01]} 29. Bg6+ {[%clk 01:01:20]} {[%emt 00:00:05]} 1-0

[Event "Latvian Teams Chess Championship Higher League 2019"]
[Site "Riga Chess School, 10 Pernavas Street, Riga, Latvia"]
[Date "2019.06.09"]
[Round "6.4"]
[White "Kolasa, Pjotrs"]
[Black "Klimakovs, Sergejs"]
[Result "0-1"]
[TimeControl "Standard: 90 minutes with 30 second increment from move 1"]
[BlackTitle "FM"]
[WhiteFideId "11604255"]
[BlackFideId "11602066"]
[WhiteElo "2032"]
[BlackElo "2308"]

1. Nf3 {[%clk 01:27:40]} {[%emt 00:03:03]} c5 {[%clk 01:30:34]} {[%emt
00:00:26]} 2. c4 {[%clk 01:27:45]} {[%emt 00:00:25]} Nf6 {[%clk 01:30:05]}
{[%emt 00:01:00]} 3. Nc3 {[%clk 01:28:07]} {[%emt 00:00:07]} b6 {[%clk
01:29:31]} {[%emt 00:01:05]} 4. g3 {[%clk 01:26:56]} {[%emt 00:01:40]} Bb7
{[%clk 01:29:53]} {[%emt 00:00:09]} 5. Bg2 {[%clk 01:27:20]} {[%emt 00:00:05]}
e6 {[%clk 01:24:07]} {[%emt 00:06:16]} 6. O-O {[%clk 01:26:54]} {[%emt
00:00:56]} Be7 {[%clk 01:20:22]} {[%emt 00:04:16]} 7. Re1 {[%clk 01:27:05]}
{[%emt 00:00:19]} d6 {[%clk 01:19:54]} {[%emt 00:00:58]} 8. e4 {[%clk
01:20:12]} {[%emt 00:07:22]} a6 {[%clk 01:18:40]} {[%emt 00:01:44]} 9. d4
{[%clk 01:20:01]} {[%emt 00:00:41]} cxd4 {[%clk 01:19:05]} {[%emt 00:00:06]} 10.
Nxd4 {[%clk 01:20:25]} {[%emt 00:00:05]} Qc7 {[%clk 01:18:38]} {[%emt
00:00:58]} 11. Be3 {[%clk 01:16:41]} {[%emt 00:04:14]} Nbd7 {[%clk 01:09:20]}
{[%emt 00:09:48]} 12. f4 {[%clk 00:56:12]} {[%emt 00:20:58]} Rc8 {[%clk
01:04:57]} {[%emt 00:04:54]} 13. Rc1 {[%clk 00:55:43]} {[%emt 00:00:58]} Qb8
{[%clk 01:02:36]} {[%emt 00:02:51]} 14. b3 {[%clk 00:54:05]} {[%emt 00:02:08]}
Qa8 {[%clk 00:58:51]} {[%emt 00:04:14]} 15. Bf2 {[%clk 00:54:22]} {[%emt
00:00:15]} Nc5 {[%clk 00:56:15]} {[%emt 00:03:06]} 16. Qe2 {[%clk 00:53:28]}
{[%emt 00:01:22]} O-O {[%clk 00:54:24]} {[%emt 00:02:23]} 17. h3 {[%clk
00:44:27]} {[%emt 00:09:31]} Rfe8 {[%clk 00:53:34]} {[%emt 00:01:20]} 18. Bf3
{[%clk 00:38:27]} {[%emt 00:06:29]} d5 {[%clk 00:36:51]} {[%emt 00:17:14]} 19.
cxd5 {[%clk 00:21:48]} {[%emt 00:17:08]} exd5 {[%clk 00:36:48]} {[%emt
00:00:33]} 20. Nxd5 {[%clk 00:21:17]} {[%emt 00:01:00]} Nxd5 {[%clk 00:33:17]}
{[%emt 00:04:01]} 21. exd5 {[%clk 00:21:37]} {[%emt 00:00:09]} Bf8 {[%clk
00:31:18]} {[%emt 00:02:30]} 22. Qd1 {[%clk 00:12:47]} {[%emt 00:09:19]} Bxd5
{[%clk 00:30:24]} {[%emt 00:01:26]} 23. Rxe8 {[%clk 00:09:18]} {[%emt
00:03:59]} Rxe8 {[%clk 00:30:42]} {[%emt 00:00:12]} 24. Bxd5 {[%clk 00:09:36]}
{[%emt 00:00:12]} Qxd5 {[%clk 00:31:05]} {[%emt 00:00:06]} 25. Nf3 {[%clk
00:09:30]} {[%emt 00:00:37]} Qf5 {[%clk 00:27:38]} {[%emt 00:03:56]} 26. Kg2
{[%clk 00:08:15]} {[%emt 00:01:46]} Nd3 {[%clk 00:26:42]} {[%emt 00:01:25]} 27.
Rc2 {[%clk 00:04:39]} {[%emt 00:04:06]} Rd8 {[%clk 00:12:55]} {[%emt 00:14:18]}
28. Qe2 {[%clk 00:04:58]} {[%emt 00:00:10]} Nxf2 {[%clk 00:12:39]} {[%emt
00:00:46]} 29. Qxf2 {[%clk 00:05:13]} {[%emt 00:00:15]} Bc5 {[%clk 00:12:51]}
{[%emt 00:00:18]} 30. Qe2 {[%clk 00:05:16]} {[%emt 00:00:26]} f6 {[%clk
00:09:18]} {[%emt 00:04:05]} 31. Qc4+ {[%clk 00:04:05]} {[%emt 00:01:40]} Kf8
{[%clk 00:08:13]} {[%emt 00:01:35]} 32. Re2 {[%clk 00:04:14]} {[%emt 00:00:22]}
Qd3 {[%clk 00:06:50]} {[%emt 00:01:53]} 33. Qe6 {[%clk 00:04:22]} {[%emt
00:00:21]} Qd7 {[%clk 00:05:24]} {[%emt 00:01:56]} 34. Qc4 {[%clk 00:04:34]}
{[%emt 00:00:18]} Qd3 {[%clk 00:05:23]} {[%emt 00:00:31]} 35. Qe6 {[%clk
00:04:58]} {[%emt 00:00:06]} Qd5 {[%clk 00:03:15]} {[%emt 00:02:37]} 36. Qxd5
Rxd5 {[%clk 00:03:44]} 37. Rd2 {[%clk 00:01:42]} {[%emt 00:00:23]} Rxd2+ {[%clk
00:03:46]} {[%emt 00:00:28]} 38. Nxd2 {[%clk 00:02:11]} {[%emt 00:00:01]} Ke7
{[%clk 00:03:38]} {[%emt 00:00:37]} 39. Kf3 {[%clk 00:02:22]} {[%emt 00:00:19]}
Ke6 {[%clk 00:03:17]} {[%emt 00:00:51]} 40. Ke4 {[%clk 00:00:56]} {[%emt
00:01:57]} f5+ {[%clk 00:03:33]} {[%emt 00:00:14]} 41. Kd3 {[%clk 00:01:11]}
{[%emt 00:00:14]} h5 {[%clk 00:03:17]} {[%emt 00:00:47]} 42. g4 {[%clk
00:01:08]} {[%emt 00:00:33]} fxg4 {[%clk 00:03:12]} {[%emt 00:00:35]} 43. hxg4
{[%clk 00:01:32]} {[%emt 00:00:06]} hxg4 {[%clk 00:02:57]} {[%emt 00:00:44]} 44.
Ke4 {[%clk 00:01:56]} {[%emt 00:00:06]} g6 {[%clk 00:02:11]} {[%emt 00:01:17]}
45. Nc4 {[%clk 00:01:43]} {[%emt 00:00:43]} g3 {[%clk 00:02:04]} {[%emt
00:00:36]} 46. Kf3 {[%clk 00:01:48]} {[%emt 00:00:25]} Bf2 {[%clk 00:01:56]}
{[%emt 00:00:37]} 47. Nd2 {[%clk 00:01:04]} {[%emt 00:01:16]} Kd5 {[%clk
00:00:47]} {[%emt 00:01:39]} 48. Nf1 {[%clk 00:00:37]} {[%emt 00:00:56]} Kc5
{[%clk 00:01:00]} {[%emt 00:00:17]} 49. Nxg3 {[%clk 00:00:50]} {[%emt
00:00:17]} Be1 {[%clk 00:01:04]} {[%emt 00:00:26]} 50. Ne2 {[%clk 00:00:39]}
{[%emt 00:00:42]} Kb4 {[%clk 00:01:19]} {[%emt 00:00:14]} 51. Kg4 {[%clk
00:00:34]} {[%emt 00:00:36]} Ka3 {[%clk 00:01:29]} {[%emt 00:00:20]} 52. Kg5
{[%clk 00:00:37]} {[%emt 00:00:27]} Kxa2 {[%clk 00:01:49]} {[%emt 00:00:10]} 53.
Kxg6 {[%clk 00:00:53]} {[%emt 00:00:14]} Kxb3 {[%clk 00:02:10]} {[%emt
00:00:09]} 54. f5 {[%clk 00:01:04]} {[%emt 00:00:19]} Bb4 {[%clk 00:01:51]}
{[%emt 00:00:47]} 55. f6 {[%clk 00:00:48]} {[%emt 00:00:47]} a5 {[%clk
00:02:07]} {[%emt 00:00:15]} 56. Nd4+ {[%clk 00:00:46]} {[%emt 00:00:32]} Kc4
{[%clk 00:02:23]} {[%emt 00:00:13]} 57. Nc6 {[%clk 00:01:00]} {[%emt 00:00:17]}
Bc5 {[%clk 00:01:41]} {[%emt 00:01:10]} 58. Ne7 {[%clk 00:00:42]} {[%emt
00:00:50]} a4 {[%clk 00:01:53]} {[%emt 00:00:17]} 59. Kf5 {[%clk 00:01:06]}
{[%emt 00:00:06]} a3 {[%clk 00:02:15]} {[%emt 00:00:08]} 60. Ke6 {[%clk
00:01:35]} {[%emt 00:00:02]} a2 {[%clk 00:02:39]} {[%emt 00:00:06]} 61. f7
{[%clk 00:02:03]} {[%emt 00:00:02]} Bxe7 {[%clk 00:03:02]} {[%emt 00:00:06]} 62.
Kxe7 {[%clk 00:02:27]} {[%emt 00:00:06]} a1=Q {[%clk 00:03:25]} {[%emt
00:00:05]} 63. f8=Q {[%clk 00:02:54]} {[%emt 00:00:06]} Qa3+ {[%clk 00:03:50]}
{[%emt 00:00:04]} 64. Ke8 {[%clk 00:03:20]} {[%emt 00:00:05]} Qxf8+ {[%clk
00:04:17]} {[%emt 00:00:03]} 65. Kxf8 {[%clk 00:03:45]} {[%emt 00:00:05]} b5
{[%clk 00:04:44]} {[%emt 00:00:03]} 0-1